BUDDHIST PSYCHOLOGY AND CPT (Record no. 15035)

MARC details
000 -LEADER
fixed length control field 00268nam a22001217a 4500
003 - CONTROL NUMBER IDENTIFIER
control field SGT
082 ## - DEWEY DECIMAL CLASSIFICATION NUMBER
Classification number 294.336
Item number B16T
100 ## - MAIN ENTRY--PERSONAL NAME
Personal name TIRCH, DENNIS
245 ## - TITLE STATEMENT
Title BUDDHIST PSYCHOLOGY AND CPT
260 ## - PUBLICATION, DISTRIBUTION, ETC. (IMPRINT)
Place of publication, distribution, etc NEW YORK
Name of publisher, distributor, etc THE GUILFORD
Year of Publication 2016
300 ## - PAGE DESCRIPTION
No. of Pages 266
942 ## - ADDED ENTRY ELEMENTS (KOHA)
Source of classification or shelving scheme Dewey Decimal Classification
Koha item type Books
Holdings
Withdrawn status Lost status Source of classification or shelving scheme Damaged status Not for loan Collection code Home library Current library Shelving location Date acquired Vendor Name SGTU Total Checkouts Full call number Accession No. (Barcode) Date last seen Date last borrowed Bill Date Koha item type
    Dewey Decimal Classification   Not For Loan MEDICAL SGT Medical Library SGT Medical Library Reference Book 02/02/2018 ABC SGTU 2 294.336 B16T FM10332 15/02/2020 06/02/2020 02/02/2018 Books